Central Library OPAC University of Rajshahi
Normal view MARC view

Entry Personal Name

Number of records used in: 2

001 - CONTROL NUMBER

  • control field: 15111

003 - CONTROL NUMBER IDENTIFIER

  • control field: BD-RjUL

005 - DATE AND TIME OF LATEST TRANSACTION

  • control field: 20250303113140.0

008 - FIXED-LENGTH DATA ELEMENTS

  • fixed length control field: 250303|| aca||aabn | a|a d

040 ## - CATALOGING SOURCE

  • Original cataloging agency: BD-RjUL
  • Transcribing agency: BD-RjUL

100 ## - HEADING--PERSONAL NAME

  • Personal name: Brown,
  • Titles and other words associated with a name: Father (Fictitious character)

670 ## - SOURCE DATA FOUND

  • Source citation: Work cat.: (BD-RjUL)84739: Chesterton, G. K. (Gilbert Keith), 1874-1936. 2268, The innocence of Father Brown /, 1911 [reprinted 1962]